00558nam a2200193Ia 450000500170000000800410001702000150005808200220007310000180009524500510011325000080016426000350017230000170020765000100022465000110023494200060024595200980025199900150034920250106055727.0240331s9999 xx 000 0 und d a8122001629 bKUP21376a305.23 aKuppuswamy, P 0aChild Behavior and DevelopmentbA Textbook of: a3rd aDelhibKonark Publishersc1990 axii, 288 p., aChild aGrowth cL 001040708LaWERCLbWERCLcSSCd2024-03-31l0o 305.23 KUPp1376r2024-03-31w2024-03-31yL c1534d1534